|
|
|
|
| LEADER |
01103nam a2200289 a 4500 |
| 001 |
c000072365 |
| 003 |
CARM |
| 005 |
00000000000000.0 |
| 008 |
861111s1936 enk 00010aeng d |
| 019 |
1 |
|
|a 4817151
|5 LACONCORD2021
|
| 035 |
|
|
|a (OCoLC)1357394
|5 LACONCORD2021
|
| 040 |
|
|
|a AAWM
|c AAWM
|
| 043 |
|
|
|a e-gx---
|
| 082 |
1 |
|
|a 940.44941
|2 19
|
| 100 |
1 |
|
|a Lewis, Cecil,
|d 1898-
|
| 245 |
1 |
0 |
|a Sagittarius rising /
|c by Cecil Lewis.
|
| 260 |
|
|
|a London :
|b Peter Davies,
|c 1936.
|
| 300 |
|
|
|a viii, [332] p. ;
|c 20 cm.
|
| 500 |
|
|
|a Reviews: Army Quarterly, v. 33, p.183.
|
| 600 |
1 |
0 |
|a Lewis, Cecil,
|d 1898-
|
| 610 |
1 |
0 |
|a Great Britain.
|b Royal Flying Corps
|x Biography.
|
| 650 |
|
0 |
|a Air pilots, Military
|z Great Britain
|x Biography.
|
| 650 |
|
0 |
|a World War, 1914-1918
|x Aerial operations, British.
|
| 650 |
|
0 |
|a World War, 1914-1918
|x Personal narratives, British.
|
| 852 |
8 |
|
|b CARM
|h A2:AB02A0
|i B02537
|p 0089256
|f BK
|
| 999 |
f |
f |
|i 5716f4f8-74b7-5d26-b7dc-04c7ec72510c
|s 7d9e2fb5-2f3d-5968-ba41-dfd8e9df4a52
|
| 952 |
f |
f |
|p Can circulate
|a CAVAL
|b CAVAL
|c CAVAL
|d CARM 1 Store
|e B02537
|f A2:AB02A0
|h Other scheme
|i book
|m 0089256
|